[Event "FRA-ch U14 Girls"]
[Site "Montlucon"]
[Date "2011.04.17"]
[Round "1"]
[White "Mathis, Emilie"]
[Black "Auvray, Honorine"]
[Result "0-1"]
[WhiteElo "1470"]
[BlackElo "1735"]
[PlyCount "62"]
[EventDate "2011.04.17"]
[EventType "swiss"]
[EventRounds "9"]
[EventCountry "FRA"]
[SourceTitle "CBM 142 Extra"]
[Source "ChessBase"]
[SourceDate "2011.06.27"]
[SourceVersion "1"]
[SourceVersionDate "2011.06.27"]
[SourceQuality "1"]

1. c4 c5 2. Nc3 Nc6 3. g3 g6 4. Bg2 Bg7 5. Nf3 e6 6. 0-0 Nge7 7. Ne4 d6 8. Rb1 0-0 9. b3 f5 10. Neg5 h6 11. Nh3 g5 12. Bb2 g4 13. Nf4 Bxb2 14. Rxb2 gxf3 15. Bxf3 Ne5 16. Bh5 Kh7 17. d4 N5g6 18. Bxg6+ Nxg6 19. Nh5 Qg5 20. e3 cxd4 21. f4 Qg4 22. exd4 Ne7 23. d5 Qxd1 24. Rxd1 exd5 25. Re2 Ng8 26. Rxd5 Kg6 27. g4 fxg4 28. Rg2 Ne7 29. Rb5 a6 30. f5+ Kxh5 31. f6+ Nf5 0-1